Агентурные сводки агентов М. В.Д. о политическом настроении и экономическом положении населения по губерниям и областям, занятым...

Доступно только в Электронных читальных залах Найти на картеНа карте
RUSMARC
00003983nac2a22002413x 450
001778a4a5d-f197-4c9e-bb9c-f7cb2aa4376d
00520190225120207.0
100##$a20190110l 1919k y0rusy50 ca
1010#$arus
102##$aRU
105##$ay z |||||
2001#$aАгентурные сводки агентов М. В.Д. о политическом настроении и экономическом положении населения по губерниям и областям, занятым белыми, о выступлении красных партизан в Енисейской губернии, международном положении и др.
$hТ. 3
$j01 июня 1919 - 22 сентября 1919
215##$a249 листов
251##$cДело
300##$aВ деле имеются телеграммы
300##$aЛисты: 1-2, 5, 7, 9-10, 15-25, 28-40, 42-55, 57-59, 63, 65, 68, 71, 73-77, 80, 84-89, 91-94, 96, 99-101, 107, 109, 112, 117, 125-126, 138, 141, 147, 150, 152, 156, 164, 167, 173, 184-186, 192, 205, 209, 215, 222, 229-234, 243-247, 249
300##$aМашинописный и рукописный текст
461#0$10010f0e3429-2e37-4fb4-ace0-6332d350a692
$12001
$aМинистерство внутренних дел Российского правительства. Омск
$1251
$cФонд
$1852
$j1700
$gР
462#0$1001d2ac6e62-fb44-46e1-ad2b-776ca68c2f82
$12001
$aДела распорядительной части. 1918-1920 гг.
$vД. 19
$1251
$cОпись
$1852
$j2
60102$3RU\NLR\AUTH\8810247804
$aВременное Сибирское правительство
$bМинистерство внутренних дел
801#0$aRU
$bGA_RF
801#1$aRU
$bГлавНИВЦ
$c20190110
$2rusmarc
801#2$aRU
$bПБ им. Б.Н. Ельцина
$c20190225
$gRCR
$2rusmarc
852##$aГА РФ
$j19
937##$d126047664
$hПБ
035##$aRuPRLIB51054456
856##$uhttp://readingroom.main.prlib.ru/item.aspx?id_node=n126047664&mode=full
Формат отображения